| 000 | 00376nam a2200133Ia 4500 | ||
|---|---|---|---|
| 008 | 210210b1987 xxu||||| |||| 00| 0 eng d | ||
| 082 | _a338.954 MISI | ||
| 100 | _aMISRA (S K) and PURI (V K). | ||
| 245 | _aIndian economy: its development experience. | ||
| 260 |
_aBombay _bHimalaya Publishing House _c1987 |
||
| 300 | _axvi,976 | ||
| 690 | _aIndian Economics | ||
| 906 | _a040232 | ||
| 999 |
_c90120 _d90120 |
||